South Eastern Kenya University

Library Online Public Access Catalogue


You don't look sick! : (Record no. 5301)

MARC details
000 -LEADER
fixed length control field 00860cam a2200277 i 4500
001 - CONTROL NUMBER
control field 17481612
003 - CONTROL NUMBER IDENTIFIER
control field OSt
005 - DATE AND TIME OF LATEST TRANSACTION
control field 20150706113705.0
008 - FIXED-LENGTH DATA ELEMENTS--GENERAL INFORMATION
fixed length control field 121002t20132013nyu b 001 0 eng
020 ## - INTERNATIONAL STANDARD BOOK NUMBER
International Standard Book Number 9781936303427
040 ## - CATALOGING SOURCE
Original cataloging agency SEKU
050 00 - LIBRARY OF CONGRESS CALL NUMBER
Classification number RC 108
Item number .S4 2013
100 1# - MAIN ENTRY--PERSONAL NAME
Personal name Selak, Joy H.
245 10 - TITLE STATEMENT
Title You don't look sick! :
Remainder of title living well with invisible chronic illness
Statement of responsibility, etc. Joy H. Selak and Steven S. Overman, MD.
246 3# - VARYING FORM OF TITLE
Title proper/short title You do not look sick!
250 ## - EDITION STATEMENT
Edition statement Second edition.
264 #1 - PRODUCTION, PUBLICATION, DISTRIBUTION, MANUFACTURE, AND COPYRIGHT NOTICE
Place of production, publication, distribution, manufacture New York :
Name of producer, publisher, distributor, manufacturer demosHealth,
Date of production, publication, distribution, manufacture, or copyright notice [2013]
264 #4 - PRODUCTION, PUBLICATION, DISTRIBUTION, MANUFACTURE, AND COPYRIGHT NOTICE
Date of production, publication, distribution, manufacture, or copyright notice ©2013
300 ## - PHYSICAL DESCRIPTION
Extent 170 p.
504 ## - BIBLIOGRAPHY, ETC. NOTE
Bibliography, etc Includes bibliographical references
650 #0 - SUBJECT ADDED ENTRY--TOPICAL TERM
Topical term or geographic name as entry element Chronic diseases
General subdivision Psychological aspects.
650 #0 - SUBJECT ADDED ENTRY--TOPICAL TERM
Topical term or geographic name as entry element Chronically ill
General subdivision Medical care
Geographic subdivision United States.
650 #0 - SUBJECT ADDED ENTRY--TOPICAL TERM
Topical term or geographic name as entry element Chronically ill
Form subdivision Life skill guides.
700 1# - ADDED ENTRY--PERSONAL NAME
Personal name Overman, Steven S.
942 ## - ADDED ENTRY ELEMENTS (KOHA)
Source of classification or shelving scheme Library of Congress Classification
Koha item type General circulation
Holdings
Withdrawn status Lost status Source of classification or shelving scheme Damaged status Not for loan Home library Current library Shelving location Date acquired Source of acquisition Cost, normal purchase price Total Checkouts Full call number Barcode Date last seen Cost, replacement price Price effective from Koha item type
    Library of Congress Classification     Main Campus Library Main Campus Library General Stacks 06/07/2015 Donation-Books for Africa 512.00   RC 108 .S4 2013 2015/000997 06/07/2015 1012.00 06/07/2015 General circulation
Kitui, Kenya.
+254736116989
library@seku.ac.ke